000
00212 a2200097 4500
001
42326
100
_a
Paxton J
245
_a
The Statesman's Year Book
260
_a
_b
Butler & Tanner
_c
090
_c
26268
_d
26268
942
_a
NUST-CAE
_c
M
_c
18078
999
_c
277399
_d
277399